000 00603nam a2200277Ia 4500
005 20250425162140.0
008 250425s9999 xx 000 0 und d
020 _a9681851854
041 _aspa
082 _a530
100 _aCUTNELL, JOHN D.
245 0 _aFISICA
250 _a1A ED.
260 _aMEXICO
260 _aMéxico
_bLIMUSA
_c2001
300 _a943
650 _aCINEMATICA
650 _aCINEMATICA
650 _aFISICA
650 _aFISICA
650 _aTERMODINAMICA
650 _aTERMODINAMICA
700 _aJOHNSON, KENNETH W.
942 _c01
010 _a53012
999 _c223315
_d223315